Anticipations ou De l'influence du progrès mécanique et scientifique sur la vie et la pensée humaine / (Record no. 167900)

MARC details
000 -LEADER
campo de control de longitud fija 00829nam a22002175i 4500
001 - NÚMERO DE CONTROL
campo de control 167900
003 - IDENTIFICADOR DE NÚMERO DE CONTROL
campo de control ES-MaACL
005 - FECHA Y HORA DE LA ÚLTIMA TRANSACCIÓN
campo de control 20240516063104.0
008 - DATOS DE LONGITUD FIJA--INFORMACIÓN GENERAL
campo de control de longitud fija 051004s1904 fr | |||||||| ||fre d
040 ## - FUENTE DE CATALOGACIÓN
Centro catalogador/agencia de origen CAM
Lengua de catalogación spa
Centro/agencia transcriptor CAM
080 ## - NÚMERO DE LA CLASIFICACIÓN DECIMAL UNIVERSAL
Número de la Clasificación Decimal Universal 001.895:316.66
100 0# - ENTRADA PRINCIPAL--NOMBRE DE PERSONA
Nombre de persona Wells, H. G.,
Fechas asociadas al nombre 1866-1946
9 (RLIN) 116458
245 10 - MENCIÓN DEL TÍTULO
Título Anticipations ou De l'influence du progrès mécanique et scientifique sur la vie et la pensée humaine /
Mención de responsabilidad, etc. H.G. Wells ; traduit par Henry-D. Davray et B. Kozakiewicz.
260 ## - PUBLICACIÓN, DISTRIBUCIÓN, ETC.
Lugar de publicación, distribución, etc. Paris :
Nombre del editor, distribuidor, etc. Société du Mercure de France,
Fecha de publicación, distribución, etc. 1904.
300 ## - DESCRIPCIÓN FÍSICA
Extensión 364 p. ;
Dimensiones 19 cm.
650 04 - PUNTO DE ACCESO ADICIONAL DE MATERIA--TÉRMINO DE MATERIA
Término de materia o nombre geográfico como elemento de entrada Progreso científico y tecnológico-
Subdivisión general Aspectos sociales.
9 (RLIN) 16471
700 0# - ENTRADA AGREGADA--NOMBRE PERSONAL
Nombre de persona Davray, Henry D.
9 (RLIN) 42995
700 0# - ENTRADA AGREGADA--NOMBRE PERSONAL
Nombre de persona Kozakiewicz, B.
9 (RLIN) 68689
852 ## - LOCALIZACIÓN
Ubicación ES-MaACL
Número de control de estantería F-11453
Nota libre -- Enc. hol.
Holdings
Estatus retirado Estado de pérdida Estado de daño No para préstamo Biblioteca de origen Biblioteca actual Ubicación en estantería Fecha de adquisición Fuente de adquisición Total de préstamos Signatura topográfica completa Código de barras Visto por última vez Precio de reemplazo Tipo de ítem Koha
        Biblioteca del Ateneo de Madrid Biblioteca del Ateneo de Madrid Sala Pecera Planta 2 17/01/2008     F-11453 1176147 23/02/2023 23/02/2023 Libro impreso